Literacy as social exchange (Record no. 8156)
[ view plain ]
| 000 -LEADER | |
|---|---|
| fixed length control field | 01507nam a2200361 a 4500 |
| 001 - CONTROL NUMBER | |
| control field | ebr10022955 |
| 003 - CONTROL NUMBER IDENTIFIER | |
| control field | CaPaEBR |
| 006 - FIXED-LENGTH DATA ELEMENTS--ADDITIONAL MATERIAL CHARACTERISTICS--GENERAL INFORMATION | |
| fixed length control field | m u |
| 007 - PHYSICAL DESCRIPTION FIXED FIELD--GENERAL INFORMATION | |
| fixed length control field | cr cn||||||||| |
| 008 - FIXED-LENGTH DATA ELEMENTS--GENERAL INFORMATION | |
| fixed length control field | 931102s1994 nyu sb 001 0 eng |
| 010 ## - LIBRARY OF CONGRESS CONTROL NUMBER | |
| Canceled/invalid LC control number | 93043234 |
| 020 ## - INTERNATIONAL STANDARD BOOK NUMBER | |
| Cancelled/invalid ISBN | 0791420698 |
| Cancelled/invalid ISBN | 0791420701 (pbk.) |
| 040 ## - CATALOGING SOURCE | |
| Original cataloging agency | CaPaEBR |
| Transcribing agency | CaPaEBR |
| 035 ## - SYSTEM CONTROL NUMBER | |
| System control number | (OCoLC)614667441 |
| 050 14 - LIBRARY OF CONGRESS CALL NUMBER | |
| Classification number | LC151 |
| Item number | .H68 1994eb |
| 082 04 - DEWEY DECIMAL CLASSIFICATION NUMBER | |
| Classification number | 370.19/2/0973 |
| Edition number | 20 |
| 100 1# - MAIN ENTRY--PERSONAL NAME | |
| Personal name | Hourigan, Maureen M., |
| Dates associated with a name | 1942- |
| 245 10 - TITLE STATEMENT | |
| Title | Literacy as social exchange |
| Medium | [electronic resource] : |
| Remainder of title | intersections of class, gender, and culture / |
| Statement of responsibility, etc | Maureen M. Hourigan. |
| 260 ## - PUBLICATION, DISTRIBUTION, ETC. (IMPRINT) | |
| Place of publication, distribution, etc | Albany : |
| Name of publisher, distributor, etc | State University of New York Press, |
| Date of publication, distribution, etc | c1994. |
| 300 ## - PHYSICAL DESCRIPTION | |
| Extent | xviii, 152 p. |
| 490 1# - SERIES STATEMENT | |
| Series statement | SUNY series, literacy, culture, and learning |
| 504 ## - BIBLIOGRAPHY, ETC. NOTE | |
| Bibliography, etc | Includes bibliographical references (p. 131-145) and index. |
| 533 ## - REPRODUCTION NOTE | |
| Type of reproduction | Electronic reproduction. |
| Place of reproduction | Palo Alto, Calif. : |
| Agency responsible for reproduction | ebrary, |
| Date of reproduction | 2013. |
| Note about reproduction | Available via World Wide Web. |
| -- | Access may be limited to ebrary affiliated libraries. |
| 650 #0 - SUBJECT ADDED ENTRY--TOPICAL TERM | |
| Topical term or geographic name as entry element | Literacy |
| General subdivision | Social aspects |
| Geographic subdivision | United States. |
| Topical term or geographic name as entry element | Educational anthropology |
| Geographic subdivision | United States. |
| Topical term or geographic name as entry element | Critical pedagogy |
| Geographic subdivision | United States. |
| Topical term or geographic name as entry element | Multicultural education |
| Geographic subdivision | United States. |
| 655 #7 - INDEX TERM--GENRE/FORM | |
| Genre/form data or focus term | Electronic books. |
| Source of term | local |
| 710 2# - ADDED ENTRY--CORPORATE NAME | |
| Corporate name or jurisdiction name as entry element | ebrary, Inc. |
| 830 #0 - SERIES ADDED ENTRY--UNIFORM TITLE | |
| Uniform title | SUNY series, literacy, culture, and learning. |
| 856 40 - ELECTRONIC LOCATION AND ACCESS | |
| Uniform Resource Identifier | <a href="http://site.ebrary.com/lib/rucke/Doc?id=10022955">http://site.ebrary.com/lib/rucke/Doc?id=10022955</a> |
| Public note | An electronic book accessible through the World Wide Web; click to view |
No items available.
